[Event "World Chess Olympiad 2018"]
[Site "Batumi"]
[Date "2018.10.03"]
[Round "9"]
[Board "2"]
[WhiteFideId "8700680"]
[White "Munenga Douglas D"]
[BlackFideId "5201381"]
[Black "Gomez John Paul"]
[Result "1/2-1/2"]
[LiveChessVersion "1.4.8"]
[BlackElo "2464"]
[WhiteElo "2273"]

1. e4 {[%clk 1:29:24]} e5 {[%clk 1:30:50]} 2. Nf3 {[%clk 1:29:47]} Nc6
{[%clk 1:31:14]} 3. Bb5 {[%clk 1:30:12]} Nf6 {[%clk 1:31:39]} 4. O-O
{[%clk 1:25:28]} Nxe4 {[%clk 1:32:00]} 5. Re1 {[%clk 1:25:45]} Nd6
{[%clk 1:32:23]} 6. Nxe5 {[%clk 1:26:08]} Be7 {[%clk 1:32:38]} 7. Bf1
{[%clk 1:25:46]} Nxe5 {[%clk 1:32:36]} 8. Rxe5 {[%clk 1:26:13]} O-O
{[%clk 1:32:53]} 9. d4 {[%clk 1:26:31]} Bf6 {[%clk 1:30:14]} 10. Re1
{[%clk 1:26:39]} Nf5 {[%clk 1:30:04]} 11. c3 {[%clk 1:27:02]} d5 {[%clk 1:29:47]}
12. Bf4 {[%clk 1:27:17]} c6 {[%clk 1:29:31]} 13. Nd2 {[%clk 1:27:18]} g6
{[%clk 1:24:56]} 14. Bd3 {[%clk 1:26:05]} Ng7 {[%clk 1:24:29]} 15. Nf3
{[%clk 1:25:05]} Bf5 {[%clk 1:23:35]} 16. Bh6 {[%clk 1:08:43]} Bxd3
{[%clk 1:20:46]} 17. Qxd3 {[%clk 1:08:55]} Re8 {[%clk 1:17:18]} 18. Bxg7
{[%clk 1:08:42]} Kxg7 {[%clk 1:14:25]} 19. Rxe8 {[%clk 1:08:24]} Qxe8
{[%clk 1:14:49]} 20. Re1 {[%clk 1:08:46]} Qd7 {[%clk 1:13:54]} 21. Qe3
{[%clk 1:07:58]} Qf5 {[%clk 1:13:26]} 22. h3 {[%clk 1:03:03]} h5 {[%clk 1:13:35]}
23. a3 {[%clk 1:00:44]} Rd8 {[%clk 1:06:44]} 24. Kh2 {[%clk 0:54:31]} Rd7
{[%clk 1:04:39]} 25. Qe8 {[%clk 0:53:29]} Rd8 {[%clk 1:04:09]} 26. Qe3
{[%clk 0:53:57]} Rd7 {[%clk 1:04:06]} 27. Qe8 {[%clk 0:52:43]} Rd8
{[%clk 1:04:27]} 28. Qe2 {[%clk 0:47:15]} Rd7 {[%clk 1:04:40]} 29. Qe8
{[%clk 0:46:35]} Rd8 {[%clk 1:04:42]} 30. Qe2 {[%clk 0:43:54]} Rd7
{[%clk 1:04:51]} 1/2-1/2

[Event "World Chess Olympiad 2018"]
[Site "Batumi"]
[Date "2018.10.03"]
[Round "9"]
[Board "3"]
[WhiteFideId "5200750"]
[White "Garcia Jan Emmanuel"]
[BlackFideId "8701709"]
[Black "Kaulule Siame Kela"]
[Result "1-0"]
[LiveChessVersion "1.4.8"]
[BlackElo "2160"]
[WhiteElo "2439"]

1. c4 {[%clk 1:30:55]} c5 {[%clk 1:30:49]} 2. g3 {[%clk 1:30:18]} g6
{[%clk 1:30:07]} 3. Bg2 {[%clk 1:30:39]} Bg7 {[%clk 1:30:25]} 4. e3
{[%clk 1:30:54]} Nc6 {[%clk 1:30:03]} 5. Ne2 {[%clk 1:31:09]} h5 {[%clk 1:27:43]}
6. h4 {[%clk 1:29:49]} Nh6 {[%clk 1:26:50]} 7. Nbc3 {[%clk 1:30:01]} d6
{[%clk 1:24:46]} 8. d3 {[%clk 1:29:01]} Bd7 {[%clk 1:23:35]} 9. a3
{[%clk 1:28:13]} Nf5 {[%clk 1:21:13]} 10. Rb1 {[%clk 1:26:07]} a5
{[%clk 1:17:51]} 11. Bd2 {[%clk 1:19:16]} Rb8 {[%clk 1:17:29]} 12. Qc2
{[%clk 1:17:38]} Na7 {[%clk 1:09:48]} 13. b4 {[%clk 1:14:45]} axb4
{[%clk 1:08:52]} 14. axb4 {[%clk 1:14:49]} Nc6 {[%clk 0:57:36]} 15. bxc5
{[%clk 1:02:13]} dxc5 {[%clk 0:56:53]} 16. Nd5 {[%clk 1:01:42]} O-O
{[%clk 0:54:55]} 17. O-O {[%clk 0:56:26]} Nd6 {[%clk 0:51:53]} 18. Bc3
{[%clk 0:51:52]} Bh6 {[%clk 0:36:38]} 19. Ba1 {[%clk 0:47:29]} Ne8
{[%clk 0:36:17]} 20. Qb2 {[%clk 0:39:13]} Bg7 {[%clk 0:27:06]} 21. Qb6
{[%clk 0:37:07]} Bxa1 {[%clk 0:27:12]} 22. Rxa1 {[%clk 0:36:39]} e6
{[%clk 0:22:29]} 23. Qxd8 {[%clk 0:35:53]} Rxd8 {[%clk 0:22:54]} 24. Nb6
{[%clk 0:35:57]} Nc7 {[%clk 0:18:04]} 25. d4 {[%clk 0:21:23]} cxd4
{[%clk 0:18:01]} 26. exd4 {[%clk 0:20:33]} Be8 {[%clk 0:13:57]} 27. Rfd1
{[%clk 0:20:51]} Rd6 {[%clk 0:13:48]} 28. Rab1 {[%clk 0:17:37]} Na5
{[%clk 0:12:24]} 29. Nc3 {[%clk 0:17:28]} f5 {[%clk 0:08:29]} 30. d5
{[%clk 0:08:25]} exd5 {[%clk 0:08:14]} 31. cxd5 {[%clk 0:08:29]} Bf7
{[%clk 0:06:25]} 32. Rb2 {[%clk 0:07:17]} Na8 {[%clk 0:05:56]} 33. Nxa8
{[%clk 0:05:40]} Rxa8 {[%clk 0:06:26]} 34. Ra1 {[%clk 0:06:01]} Rdd8
{[%clk 0:01:04]} 35. Rb5 {[%clk 0:03:19]} Nc4 {[%clk 0:01:24]} 36. Rxa8
{[%clk 0:01:06]} Rxa8 {[%clk 0:01:53]} 37. Rxb7 {[%clk 0:01:36]} Rd8
{[%clk 0:01:52]} 38. Rb4 {[%clk 0:00:47]} Nd6 {[%clk 0:01:56]} 39. Ne2
{[%clk 0:00:45]} Ne4 {[%clk 0:01:40]} 40. Bxe4 {[%clk 0:30:33]} fxe4
{[%clk 0:31:50]} 41. Nf4 {[%clk 0:30:59]} Re8 {[%clk 0:26:53]} 42. Kf1
{[%clk 0:27:40]} Kg7 {[%clk 0:21:12]} 43. Ke2 {[%clk 0:26:03]} Kf6
{[%clk 0:19:59]} 44. Ke3 {[%clk 0:26:22]} Kf5 {[%clk 0:20:21]} 45. Rb7
{[%clk 0:25:58]} Kf6 {[%clk 0:20:09]} 46. Kd4 {[%clk 0:20:07]} Ra8
{[%clk 0:19:25]} 47. Kxe4 {[%clk 0:18:29]} Ra4+ {[%clk 0:18:30]} 48. Ke3
{[%clk 0:18:02]} Ra3+ {[%clk 0:17:23]} 49. Kd4 {[%clk 0:16:39]} Ra2
{[%clk 0:16:41]} 50. Nd3 {[%clk 0:16:15]} Rd2 {[%clk 0:10:26]} 51. d6
{[%clk 0:12:47]} Be6 {[%clk 0:08:46]} 52. d7 {[%clk 0:12:09]} Ke7
{[%clk 0:08:51]} 53. Ke3 {[%clk 0:12:29]} Rd1 {[%clk 0:03:43]} 54. Nc5
{[%clk 0:12:13]} Re1+ {[%clk 0:01:16]} 55. Kf4 {[%clk 0:12:06]} Bf5
{[%clk 0:00:35]} 56. Rb8 {[%clk 0:12:07]} Bxd7 {[%clk 0:00:40]} 57. Rb7
{[%clk 0:12:22]} Kd6 {[%clk 0:00:33]} 58. Nxd7 {[%clk 0:12:34]} Re7
{[%clk 0:00:34]} 59. Kg5 {[%clk 0:12:26]} Rf7 {[%clk 0:00:31]} 1-0

[Event "World Chess Olympiad 2018"]
[Site "Batumi"]
[Date "2018.10.03"]
[Round "9"]
[Board "4"]
[WhiteFideId "8701776"]
[White "Mulenga Prince Daniel"]
[BlackFideId "5203953"]
[Black "Pascua Haridas"]
[Result "1/2-1/2"]
[LiveChessVersion "1.4.8"]
[BlackElo "2435"]
[WhiteElo "2237"]

1. c4 {[%clk 1:30:47]} Nf6 {[%clk 1:30:43]} 2. Nc3 {[%clk 1:31:00]} g6
{[%clk 1:30:37]} 3. e4 {[%clk 1:31:07]} d6 {[%clk 1:30:52]} 4. d4
{[%clk 1:31:32]} Bg7 {[%clk 1:31:15]} 5. Be2 {[%clk 1:30:48]} O-O
{[%clk 1:31:12]} 6. Bg5 {[%clk 1:31:03]} c5 {[%clk 1:29:39]} 7. d5
{[%clk 1:30:51]} e6 8. Qd2 {[%clk 1:27:10]} exd5 {[%clk 1:27:03]} 9. exd5
{[%clk 1:27:11]} Re8 {[%clk 1:25:16]} 10. Nf3 {[%clk 1:23:27]} Bg4
{[%clk 1:17:00]} 11. O-O {[%clk 1:22:17]} Nbd7 {[%clk 1:16:32]} 12. Rfe1
{[%clk 1:20:49]} Qb6 {[%clk 1:13:57]} 13. h3 {[%clk 1:12:48]} Bxf3
{[%clk 1:12:45]} 14. Bxf3 {[%clk 1:13:06]} Ne5 {[%clk 1:09:00]} 15. Be2
{[%clk 1:13:23]} a6 {[%clk 1:07:33]} 16. Rad1 {[%clk 1:10:17]} Kh8
{[%clk 0:58:44]} 17. b3 {[%clk 1:06:09]} Ng8 {[%clk 0:58:30]} 18. f4
{[%clk 0:58:02]} Nd7 {[%clk 0:58:06]} 19. Na4 {[%clk 0:56:48]} Qc7
{[%clk 0:57:40]} 20. Bd3 {[%clk 0:57:16]} f5 {[%clk 0:55:05]} 21. Rxe8
{[%clk 0:49:40]} Rxe8 {[%clk 0:55:29]} 22. Re1 {[%clk 0:49:57]} Qb8
{[%clk 0:44:00]} 23. Nc3 {[%clk 0:48:25]} Ndf6 {[%clk 0:41:43]} 24. Rxe8
{[%clk 0:47:10]} Nxe8 {[%clk 0:35:33]} 25. Ne2 {[%clk 0:45:42]} Nef6
{[%clk 0:33:06]} 26. Nc3 {[%clk 0:43:47]} Qd8 {[%clk 0:31:21]} 27. Nd1 Qe8
{[%clk 0:29:43]} 28. Kh2 {[%clk 0:37:29]} h6 {[%clk 0:24:37]} 29. Bxf6
{[%clk 0:37:09]} Nxf6 {[%clk 0:24:31]} 30. Qe3 {[%clk 0:36:50]} Qxe3
{[%clk 0:23:19]} 31. Nxe3 {[%clk 0:37:18]} Nh5 {[%clk 0:23:35]} 32. g3
{[%clk 0:36:12]} Bd4 {[%clk 0:23:38]} 33. Nf1 {[%clk 0:35:46]} Bf2
{[%clk 0:20:04]} 34. Be2 {[%clk 0:32:55]} Nf6 {[%clk 0:15:54]} 35. Kg2
{[%clk 0:31:36]} Be1 {[%clk 0:16:03]} 36. Bd3 {[%clk 0:31:36]} Kg7
{[%clk 0:16:20]} 37. Kf3 {[%clk 0:31:30]} h5 {[%clk 0:13:53]} 38. Ke2
{[%clk 0:28:38]} Bc3 {[%clk 0:14:02]} 39. Kf3 {[%clk 0:29:06]} Kf7
{[%clk 0:13:53]} 40. Nh2 {[%clk 0:58:24]} Be1 {[%clk 0:41:00]} 41. Nf1
{[%clk 0:58:43]} Kg7 {[%clk 0:38:40]} 42. Ke2 {[%clk 0:59:03]} Bc3
{[%clk 0:39:05]} 43. Kf3 {[%clk 0:59:31]} Be1 {[%clk 0:39:27]} 44. Ke2
{[%clk 0:59:27]} Bc3 {[%clk 0:39:53]} 45. Kf3 {[%clk 0:59:44]} Be1 1/2-1/2

[Event "World Chess Olympiad 2018"]
[Site "Batumi"]
[Date "2018.10.03"]
[Round "9"]
[Board "1"]
[WhiteFideId "3600017"]
[White "Matamoros Franco Carlos S."]
[BlackFideId "14300249"]
[Black "Cawdery Daniel"]
[Result "1/2-1/2"]
[LiveChessVersion "1.4.8"]
[BlackElo "2422"]
[WhiteElo "2494"]

1. Nf3 {[%clk 1:30:55]} Nf6 {[%clk 1:30:40]} 2. c4 {[%clk 1:31:13]} g6
{[%clk 1:31:04]} 3. g3 {[%clk 1:31:31]} Bg7 {[%clk 1:31:14]} 4. Bg2
{[%clk 1:31:51]} c6 {[%clk 1:31:31]} 5. O-O {[%clk 1:18:02]} d5 {[%clk 1:30:23]}
6. b3 {[%clk 1:17:33]} Ne4 {[%clk 1:17:10]} 7. d4 {[%clk 1:17:53]} dxc4
{[%clk 1:16:46]} 8. bxc4 {[%clk 1:17:52]} O-O {[%clk 1:16:04]} 9. Bb2
{[%clk 1:15:27]} Nd7 {[%clk 1:06:44]} 10. e3 {[%clk 0:59:52]} Ndf6
{[%clk 1:04:57]} 11. Nbd2 {[%clk 0:56:29]} Bf5 {[%clk 1:01:24]} 12. Nh4
{[%clk 0:54:03]} Bg4 {[%clk 0:58:20]} 13. f3 {[%clk 0:47:59]} Nxd2
{[%clk 0:58:30]} 14. Qxd2 {[%clk 0:48:22]} Be6 {[%clk 0:58:12]} 15. Qc2
{[%clk 0:48:27]} Qa5 {[%clk 0:55:13]} 16. f4 {[%clk 0:42:38]} Qb4
{[%clk 0:53:02]} 17. c5 {[%clk 0:38:42]} Bd5 {[%clk 0:28:56]} 18. a3
{[%clk 0:38:03]} Qc4 {[%clk 0:26:39]} 19. Qxc4 {[%clk 0:38:04]} Bxc4
{[%clk 0:27:09]} 20. Rfe1 {[%clk 0:38:24]} Nd7 {[%clk 0:26:11]} 21. Rac1
{[%clk 0:38:03]} Bb5 {[%clk 0:26:27]} 22. e4 {[%clk 0:33:42]} Rfd8
{[%clk 0:23:47]} 23. Nf3 {[%clk 0:30:49]} b6 {[%clk 0:20:39]} 24. e5
{[%clk 0:19:05]} Rab8 {[%clk 0:19:58]} 25. Ba1 {[%clk 0:18:19]} Nf8
{[%clk 0:18:50]} 26. Bh3 {[%clk 0:14:21]} h6 {[%clk 0:16:51]} 27. Bc3
{[%clk 0:13:15]} Bc4 {[%clk 0:15:52]} 28. Nd2 {[%clk 0:09:14]} Bd5
{[%clk 0:16:18]} 29. Nf1 {[%clk 0:09:40]} Ne6 {[%clk 0:15:22]} 30. cxb6
{[%clk 0:05:30]} axb6 {[%clk 0:15:37]} 1/2-1/2

[Event "World Chess Olympiad 2018"]
[Site "Batumi"]
[Date "2018.10.03"]
[Round "9"]
[Board "2"]
[WhiteFideId "14300141"]
[White "Kobese Watu"]
[BlackFideId "3609677"]
[Black "Barros Rivadeneira Cristhian"]
[Result "1/2-1/2"]
[LiveChessVersion "1.4.8"]
[BlackElo "2345"]
[WhiteElo "2344"]

1. e4 {[%clk 1:30:55]} c5 {[%clk 1:30:47]} 2. Nf3 {[%clk 1:31:16]} Nc6
{[%clk 1:31:03]} 3. d4 {[%clk 1:31:38]} cxd4 {[%clk 1:31:23]} 4. Nxd4
{[%clk 1:32:00]} g6 {[%clk 1:31:46]} 5. Nc3 {[%clk 1:32:13]} Bg7 {[%clk 1:32:00]}
6. Be3 {[%clk 1:32:33]} Nf6 {[%clk 1:32:14]} 7. Nxc6 {[%clk 1:32:53]} bxc6
{[%clk 1:27:49]} 8. e5 {[%clk 1:32:54]} Ng8 {[%clk 1:27:32]} 9. Bd4
{[%clk 1:33:15]} Qa5 {[%clk 1:21:50]} 10. Bc4 {[%clk 1:31:47]} f6
{[%clk 0:42:48]} 11. Qf3 {[%clk 1:07:54]} f5 {[%clk 0:39:10]} 12. Qe3
{[%clk 0:59:02]} e6 {[%clk 0:36:59]} 13. Bc5 {[%clk 0:46:43]} f4 {[%clk 0:29:49]}
14. Qd4 {[%clk 0:46:50]} d5 {[%clk 0:29:52]} 15. O-O-O {[%clk 0:37:56]} Nh6
{[%clk 0:24:15]} 16. Bd3 {[%clk 0:25:26]} Nf7 {[%clk 0:20:05]} 17. Rhe1
{[%clk 0:25:43]} Qc7 {[%clk 0:18:36]} 18. Qa4 {[%clk 0:17:53]} Bd7
{[%clk 0:15:30]} 19. Ne2 {[%clk 0:15:12]} Bf8 {[%clk 0:09:50]} 20. Bxf8
{[%clk 0:07:58]} Rxf8 {[%clk 0:10:12]} 21. Nxf4 {[%clk 0:07:56]} Rb8
{[%clk 0:10:18]} 22. Bf1 {[%clk 0:05:43]} Nxe5 {[%clk 0:02:59]} 23. g3
{[%clk 0:05:47]} g5 {[%clk 0:03:21]} 24. Nh3 {[%clk 0:03:10]} Qb6
{[%clk 0:01:18]} 25. Qa3 {[%clk 0:02:48]} Nf3 {[%clk 0:00:39]} 26. Re3
{[%clk 0:02:00]} g4 {[%clk 0:00:41]} 27. Nf4 {[%clk 0:02:02]} Rf6
{[%clk 0:00:38]} 28. h3 {[%clk 0:01:56]} Kd8 {[%clk 0:00:43]} 29. Rb3
{[%clk 0:01:14]} Qc7 {[%clk 0:01:04]} 30. hxg4 {[%clk 0:01:32]} Rxb3
{[%clk 0:00:57]} 31. Qxb3 {[%clk 0:01:14]} e5 {[%clk 0:00:49]} 32. Qxf3
{[%clk 0:01:19]} exf4 {[%clk 0:01:17]} 33. g5 {[%clk 0:01:40]} Rf5
{[%clk 0:01:37]} 34. Bd3 {[%clk 0:01:38]} Rxg5 {[%clk 0:01:58]} 35. gxf4
{[%clk 0:02:01]} Rg7 {[%clk 0:02:17]} 36. f5 {[%clk 0:02:09]} Qe5
{[%clk 0:02:30]} 37. Qe3 {[%clk 0:02:04]} Qxe3+ {[%clk 0:00:48]} 38. fxe3
{[%clk 0:02:33]} Ke7 {[%clk 0:01:04]} 39. Rh1 {[%clk 0:02:12]} Kf6
{[%clk 0:01:15]} 40. Rh5 {[%clk 0:31:44]} Be8 {[%clk 0:30:47]} 41. Rh2
{[%clk 0:31:14]} 1/2-1/2

[Event "World Chess Olympiad 2018"]
[Site "Batumi"]
[Date "2018.10.03"]
[Round "9"]
[Board "3"]
[WhiteFideId "3618471"]
[White "Noboa Kevin"]
[BlackFideId "14300702"]
[Black "Mabusela Johannes Manyedi"]
[Result "1/2-1/2"]
[LiveChessVersion "1.4.8"]
[BlackElo "2245"]
[WhiteElo "2256"]

1. d4 {[%clk 1:30:39]} Nf6 {[%clk 1:30:55]} 2. c4 {[%clk 1:31:00]} e6
{[%clk 1:31:20]} 3. Nc3 {[%clk 1:31:13]} Bb4 {[%clk 1:31:25]} 4. e3
{[%clk 1:31:32]} O-O {[%clk 1:30:23]} 5. Bd3 {[%clk 1:31:31]} d5 {[%clk 1:29:41]}
6. a3 {[%clk 1:31:16]} Bxc3+ {[%clk 1:27:11]} 7. bxc3 {[%clk 1:31:39]} dxc4
{[%clk 1:27:03]} 8. Bxc4 {[%clk 1:31:49]} c5 {[%clk 1:27:08]} 9. Nf3
{[%clk 1:31:16]} Qc7 {[%clk 1:21:59]} 10. Ba2 {[%clk 1:30:30]} b6
{[%clk 1:19:59]} 11. O-O {[%clk 1:30:51]} Bb7 {[%clk 1:20:26]} 12. Nd2
{[%clk 1:24:15]} Nbd7 {[%clk 1:17:56]} 13. Bb2 {[%clk 1:24:02]} e5
{[%clk 1:12:23]} 14. Rc1 {[%clk 1:23:12]} Rad8 {[%clk 1:05:54]} 15. Re1
{[%clk 1:08:36]} Rfe8 {[%clk 0:59:46]} 16. f3 {[%clk 0:56:53]} Qb8
{[%clk 0:45:33]} 17. Qc2 {[%clk 0:23:58]} e4 {[%clk 0:37:11]} 18. fxe4
{[%clk 0:20:56]} Nxe4 {[%clk 0:36:51]} 19. d5 {[%clk 0:20:58]} Nxd2
{[%clk 0:24:58]} 20. Qxd2 {[%clk 0:21:23]} c4 {[%clk 0:24:11]} 21. Bxc4
{[%clk 0:18:30]} Nf6 {[%clk 0:23:43]} 22. Qf2 {[%clk 0:09:49]} Nxd5
{[%clk 0:18:46]} 23. Rcd1 {[%clk 0:08:15]} Nf6 {[%clk 0:13:07]} 24. Rd4
{[%clk 0:08:21]} Qc7 {[%clk 0:12:31]} 25. Bd3 {[%clk 0:06:46]} Rxd4
{[%clk 0:11:22]} 26. exd4 {[%clk 0:06:38]} Rxe1+ {[%clk 0:06:31]} 27. Qxe1
{[%clk 0:07:07]} Qc6 {[%clk 0:04:58]} 28. Bf1 {[%clk 0:07:25]} b5
{[%clk 0:04:18]} 29. Qe5 {[%clk 0:07:50]} a6 {[%clk 0:04:07]} 30. c4
{[%clk 0:05:04]} bxc4 {[%clk 0:04:01]} 31. d5 {[%clk 0:05:29]} Qc8
{[%clk 0:03:16]} 32. d6 {[%clk 0:05:20]} h6 {[%clk 0:03:15]} 33. Bd4
{[%clk 0:04:30]} Bd5 {[%clk 0:02:19]} 34. Qe7 {[%clk 0:03:04]} Be6
{[%clk 0:02:10]} 35. Qc7 {[%clk 0:02:28]} Qxc7 {[%clk 0:01:22]} 36. dxc7
{[%clk 0:02:57]} Nd5 {[%clk 0:01:26]} 37. Be5 {[%clk 0:02:20]} Nb6
{[%clk 0:01:53]} 38. Kf2 {[%clk 0:02:09]} Kf8 {[%clk 0:01:49]} 39. Ke3
{[%clk 0:02:26]} f6 {[%clk 0:01:49]} 40. Bd6+ {[%clk 0:32:36]} Ke8
{[%clk 0:32:15]} 41. Kd4 {[%clk 0:32:48]} Kd7 {[%clk 0:27:03]} 42. Bf8
{[%clk 0:31:44]} g6 {[%clk 0:25:32]} 43. Bxh6 {[%clk 0:31:27]} Kxc7
{[%clk 0:25:53]} 44. Bg7 {[%clk 0:31:39]} f5 1/2-1/2

[Event "World Chess Olympiad 2018"]
[Site "Batumi"]
[Date "2018.10.03"]
[Round "9"]
[Board "4"]
[WhiteFideId "14300494"]
[White "Van den Heever Donovan"]
[BlackFideId "3600734"]
[Black "Munoz Sanchez Miguel"]
[Result "0-1"]
[LiveChessVersion "1.4.8"]
[BlackElo "2254"]
[WhiteElo "2227"]

1. e4 {[%clk 1:30:57]} c5 {[%clk 1:30:35]} 2. Nf3 {[%clk 1:31:06]} d6
{[%clk 1:30:58]} 3. c3 {[%clk 1:30:53]} Nf6 {[%clk 1:30:54]} 4. g3
{[%clk 1:30:30]} Nc6 {[%clk 1:30:44]} 5. d3 {[%clk 1:30:17]} g6 {[%clk 1:31:03]}
6. Bg2 {[%clk 1:30:23]} Bg7 {[%clk 1:31:28]} 7. O-O {[%clk 1:30:18]} O-O
{[%clk 1:31:53]} 8. Re1 {[%clk 1:29:28]} e5 {[%clk 1:31:42]} 9. a3
{[%clk 1:26:04]} h6 {[%clk 1:28:39]} 10. b4 {[%clk 1:25:38]} b6 {[%clk 1:24:27]}
11. Nbd2 {[%clk 1:14:34]} Be6 {[%clk 1:19:31]} 12. b5 {[%clk 0:59:48]} Na5
{[%clk 1:16:03]} 13. c4 {[%clk 0:51:45]} Ne8 {[%clk 1:14:38]} 14. Nf1
{[%clk 0:49:01]} Nc7 {[%clk 1:09:07]} 15. Bd2 {[%clk 0:43:22]} Nb7
{[%clk 1:07:27]} 16. a4 {[%clk 0:42:26]} a5 {[%clk 1:05:59]} 17. Nh4
{[%clk 0:34:51]} Kh7 {[%clk 1:01:12]} 18. Ne3 {[%clk 0:31:39]} Bd7
{[%clk 0:44:02]} 19. Rf1 {[%clk 0:28:16]} Qe7 {[%clk 0:36:19]} 20. Rc1
{[%clk 0:22:22]} Rae8 {[%clk 0:36:28]} 21. f4 {[%clk 0:18:37]} exf4
{[%clk 0:33:22]} 22. Rxf4 {[%clk 0:19:02]} Nd8 {[%clk 0:26:07]} 23. Kh1
{[%clk 0:18:23]} Nde6 {[%clk 0:25:33]} 24. Nhf5 {[%clk 0:12:59]} gxf5
{[%clk 0:24:48]} 25. Nxf5 {[%clk 0:13:23]} Nxf4 {[%clk 0:18:44]} 26. Nxe7
{[%clk 0:11:28]} Nxd3 {[%clk 0:19:03]} 27. Be3 {[%clk 0:11:34]} Nxc1
{[%clk 0:17:47]} 28. Qxd6 {[%clk 0:06:05]} Rd8 {[%clk 0:13:32]} 29. Qxc7
{[%clk 0:05:55]} Ne2 {[%clk 0:07:30]} 30. Nd5 {[%clk 0:05:25]} f5
{[%clk 0:06:44]} 31. Qxb6 {[%clk 0:03:54]} Rde8 {[%clk 0:01:51]} 32. Qxc5
{[%clk 0:01:11]} fxe4 {[%clk 0:02:05]} 33. Nc7 {[%clk 0:01:07]} Re5
{[%clk 0:01:44]} 34. Qd6 {[%clk 0:01:24]} Bg4 {[%clk 0:00:55]} 35. Nd5
{[%clk 0:01:38]} Kh8 {[%clk 0:00:44]} 36. Qg6 {[%clk 0:00:53]} Bh5
{[%clk 0:00:41]} 37. Qc6 {[%clk 0:00:54]} Bf3 {[%clk 0:00:32]} 38. Ne7
{[%clk 0:01:04]} Rxe7 {[%clk 0:00:52]} 39. Bxh6 {[%clk 0:01:05]} Rf6
{[%clk 0:00:39]} 40. Bxg7+ {[%clk 0:31:12]} Kxg7 41. Qc5 {[%clk 0:31:00]} Rd7
{[%clk 0:30:33]} 42. Qg5+ {[%clk 0:29:24]} Kf7 {[%clk 0:29:35]} 43. h4
{[%clk 0:28:39]} Nxg3+ {[%clk 0:26:14]} 44. Kh2 {[%clk 0:24:17]} Bxg2
{[%clk 0:23:44]} 45. Qxg3 {[%clk 0:24:31]} Bf3 {[%clk 0:21:36]} 46. Qg5
{[%clk 0:24:26]} Rd1 {[%clk 0:21:20]} 47. Qe5 {[%clk 0:23:06]} Rg6
{[%clk 0:21:00]} 0-1

[Event "World Chess Olympiad 2018"]
[Site "Batumi"]
[Date "2018.10.03"]
[Round "9"]
[Board "1"]
[WhiteFideId "1207822"]
[White "Lupulescu Constantin"]
[BlackFideId "1700146"]
[Black "Wiedenkeller Michael"]
[Result "1-0"]
[LiveChessVersion "1.4.8"]
[BlackElo "2464"]
[WhiteElo "2606"]

1. d4 {[%clk 1:30:58]} Nf6 {[%clk 1:30:38]} 2. c4 {[%clk 1:31:25]} e6
{[%clk 1:30:57]} 3. Nf3 {[%clk 1:31:51]} d5 {[%clk 1:31:06]} 4. Nc3
{[%clk 1:32:17]} Bb4 {[%clk 1:31:20]} 5. cxd5 {[%clk 1:32:41]} exd5
{[%clk 1:31:16]} 6. Bg5 {[%clk 1:33:02]} h6 {[%clk 1:31:17]} 7. Bh4
{[%clk 1:33:25]} Bf5 {[%clk 1:25:28]} 8. Qa4+ {[%clk 1:33:20]} Nc6
{[%clk 1:25:44]} 9. e3 {[%clk 1:33:37]} g5 {[%clk 1:14:46]} 10. Bg3
{[%clk 1:32:31]} Ne4 {[%clk 1:09:39]} 11. Bb5 {[%clk 1:29:54]} Bd7
{[%clk 0:55:05]} 12. Bxc6 {[%clk 1:18:48]} Bxc3+ {[%clk 0:55:19]} 13. bxc3
{[%clk 1:19:14]} Bxc6 {[%clk 0:53:19]} 14. Qc2 {[%clk 1:18:36]} Bb5
{[%clk 0:43:47]} 15. Ne5 {[%clk 1:08:50]} Qe7 {[%clk 0:34:46]} 16. Rb1
{[%clk 0:58:40]} Nd6 {[%clk 0:26:59]} 17. Nxf7 {[%clk 0:49:01]} Qxf7
{[%clk 0:23:09]} 18. Bxd6 {[%clk 0:49:26]} Ba6 {[%clk 0:22:35]} 19. Be5
{[%clk 0:48:19]} Rf8 {[%clk 0:22:38]} 20. f3 {[%clk 0:37:32]} O-O-O
{[%clk 0:22:00]} 21. h3 {[%clk 0:34:00]} Rde8 {[%clk 0:17:56]} 22. Kf2
{[%clk 0:33:35]} h5 {[%clk 0:17:29]} 23. a4 {[%clk 0:25:52]} Re6 {[%clk 0:16:35]}
24. Rbe1 {[%clk 0:24:39]} Rg6 {[%clk 0:16:19]} 25. Kg1 {[%clk 0:22:13]} Bc4
{[%clk 0:15:09]} 26. a5 {[%clk 0:17:36]} a6 {[%clk 0:13:02]} 27. Rb1
{[%clk 0:15:43]} Qe6 {[%clk 0:11:42]} 28. Kf2 {[%clk 0:13:52]} Qf7
{[%clk 0:11:03]} 29. Ke1 {[%clk 0:13:05]} Re6 {[%clk 0:09:43]} 30. Kd2
{[%clk 0:12:43]} Qe7 {[%clk 0:08:43]} 31. Rb4 {[%clk 0:08:00]} Bb5
{[%clk 0:07:34]} 32. Qb3 {[%clk 0:06:52]} Qd7 {[%clk 0:07:12]} 33. Qa3
{[%clk 0:05:56]} Rfe8 {[%clk 0:06:23]} 34. Rb2 {[%clk 0:03:40]} Qh7
{[%clk 0:06:09]} 35. Rxb5 {[%clk 0:03:40]} axb5 {[%clk 0:06:31]} 36. Qc5
{[%clk 0:03:36]} Qd7 {[%clk 0:04:04]} 37. Rb1 {[%clk 0:03:50]} Qc6
{[%clk 0:02:56]} 38. Rxb5 {[%clk 0:01:38]} Qxc5 {[%clk 0:02:34]} 39. Rxc5
{[%clk 0:02:04]} c6 {[%clk 0:02:42]} 40. c4 {[%clk 0:32:04]} Rd8 {[%clk 0:32:04]}
41. Kd3 {[%clk 0:27:35]} dxc4+ {[%clk 0:29:47]} 42. Kxc4 {[%clk 0:27:57]} Kd7
{[%clk 0:27:45]} 43. e4 {[%clk 0:24:48]} Rg8 {[%clk 0:25:28]} 44. Kd3
{[%clk 0:23:06]} Rh6 {[%clk 0:23:17]} 45. Ke3 {[%clk 0:20:07]} g4
{[%clk 0:20:47]} 46. Bf4 {[%clk 0:19:27]} Rh7 {[%clk 0:18:59]} 47. d5
{[%clk 0:17:10]} gxh3 {[%clk 0:16:47]} 48. gxh3 {[%clk 0:17:25]} Rg1
{[%clk 0:16:08]} 49. a6 {[%clk 0:16:31]} bxa6 {[%clk 0:10:29]} 50. Rxc6
{[%clk 0:09:36]} Rf7 {[%clk 0:10:35]} 51. Rxa6 {[%clk 0:09:23]} Re1+
{[%clk 0:09:04]} 52. Kf2 {[%clk 0:09:26]} Rxf4 {[%clk 0:08:19]} 53. Kxe1
{[%clk 0:09:47]} Rxf3 {[%clk 0:08:47]} 54. Ke2 {[%clk 0:09:50]} Rxh3
{[%clk 0:08:08]} 55. e5 {[%clk 0:09:29]} Rg3 {[%clk 0:06:41]} 56. e6+
{[%clk 0:09:20]} Ke7 {[%clk 0:03:56]} 57. Ra7+ {[%clk 0:09:32]} Kf8
{[%clk 0:03:21]} 58. d6 {[%clk 0:09:31]} Rg6 {[%clk 0:03:38]} 59. Ra8+
{[%clk 0:09:49]} Kg7 {[%clk 0:04:01]} 60. e7 {[%clk 0:09:40]} Re6+
{[%clk 0:03:13]} 61. Kf2 {[%clk 0:09:54]} 1-0